• 首页
  • 本馆介绍
  • 公告通知
  • 最新文献
  • 馆藏检索
  • 电子资源
  • 读者导购
  • 参考咨询
  • 我的图书馆
  • 登录
  • 详细信息显示
  • 放入我的书架
  • 预约/预借图书
  • 作者相关作品
  • 分类相关作品
  • 丛书相关作品
  • 出版社相关作品

书目信息

  • 表格格式
  • 工作单格式
  • 卡片格式
题名:
图说中国文化
    
 
作者: 王兴文 编著
分册:   科技卷
出版信息: 长春   吉林人民出版社  2007
页数: 208页
开本: 25cm
丛书名:
单 册:
中图分类: K203-64 , N092
科图分类:
主题词: 文化史--中国--通俗读物 , 自然科学史--中国--普及读物 , 文化史 , 自然科学史
电子资源:
ISBN: 978-7-206-05387-0
000 00947nam0 2200277 45
001 1050823328
005 20100419100336.78
010    @a978-7-206-05387-0@dCNY39.80
100    @a20100409e20092007em y0chiy50 ea
101 0  @achi
102    @aCN@b220000
105    @aa z 000yy
106    @ar
200 1  @a图说中国文化@ATu Shuo Zhong Guo Wen Hua@i科技卷@IKe Ji Juan@f王兴文编著@FWang Xing Wen Bian Zhu
210    @a长春@c吉林人民出版社@d2007@h2009
215    @a208页@d25cm
330    @a本书涵盖了科技文化领域的农业、工业、手工业、天文学、数学、地理学、医药学、物理学、化学、生物学、建筑学等方方面面,全面呈现了每一个历史时期的科技成就。
606 0  @a文化史@y中国@j通俗读物
606 0  @a自然科学史@y中国@j普及读物
606 0  @a文化史
606 0  @a自然科学史
690    @aK203-64@v4
690    @aN092@v4
701  0 @a王兴文@AWang Xing Wen@f(1964~)@4编著
801  0 @aCN@bTANGWEI@c20100419
905    @b0590846-47@dK203-64@e129:9@f2
    
    图说中国文化.科技卷/王兴文编著.-长春:吉林人民出版社,2007(2009)
    208页;25cm
    
    
    ISBN 978-7-206-05387-0:CNY39.80
    本书涵盖了科技文化领域的农业、工业、手工业、天文学、数学、地理学、医药学、物理学、化学、生物学、建筑学等方方面面,全面呈现了每一个历史时期的科技成就。
●
相关链接 在E读中查询图书 在五车中查询图书 在当当中查询图书 在豆瓣中查询图书


正题名:图说中国文化     索取号:K203-64/129:9         预约/预借

序号 登录号 条形码 馆藏地/架位号 状态 备注
1 0590846   205908464   第二样本阅览室/ [索取号:K203-64/129:9] 在馆    
2 0590847   205908473   第二借阅区/ [索取号:K203-64/129:9] 在馆    
唐山师范学院图书馆 欢迎您!
大连网信软件有限公司© 版权所有